Online Catalogue and eLibrary

Gender analysis in development planning : (Record no. 352)

MARC details
000 -LEADER
fixed length control field 00798pam a2200241 a 4500
001 - CONTROL NUMBER
control field 4379502
005 - DATE AND TIME OF LATEST TRANSACTION
control field 20240208061446.0
008 - FIXED-LENGTH DATA ELEMENTS--GENERAL INFORMATION
fixed length control field 910827s1991 ctu b 000 0 eng
020 ## - INTERNATIONAL STANDARD BOOK NUMBER
ISBN 0931816610 (cases : alk. paper)
020 ## - INTERNATIONAL STANDARD BOOK NUMBER
ISBN 0931816629 (teaching notes : alk. paper)
040 ## - CATALOGING SOURCE (பட்டியலாக்க மூலம்)
Original cataloging agency DLC
Transcribing agency DLC
Modifying agency DLC
082 00 - DDC Classification
Class No. 307.72
DDC Edition Number 20
Item Number - Author Mark GEN.
245 00 - TITLE STATEMENT
Title Gender analysis in development planning :
Remainder of title a case book /
Statement of responsibility, etc. editors, Aruna Rao, Mary B. Anderson, Catherine A. Overholt.
250 ## - EDITION STATEMENT
Edition statement 1st ed.
260 ## - PUBLICATION, DISTRIBUTION, ETC.
Place of publication, distribution, etc. West Hartford, Conn., USA :
Name of publisher, distributor, etc. Kumarian Press,
Date of publication, distribution, etc. 1991.
300 ## - PHYSICAL DESCRIPTION
Extent (e.g. Volumes, Pages etc.) viii, 103 p. ;
650 #0 - SUBJECT ADDED ENTRY--TOPICAL TERM
Topical term or geographic name entry element Women in rural development
650 #0 - SUBJECT ADDED ENTRY--TOPICAL TERM
Topical term or geographic name entry element Rural development projects
700 1# - ADDED ENTRY--PERSONAL NAME
Personal name Rao, Aruna.
Relator term (Role) Editor
700 1# - ADDED ENTRY--PERSONAL NAME
Personal name Anderson, Mary B.,
Relator term (Role) Editor
700 1# - ADDED ENTRY--PERSONAL NAME
Personal name Overholt, Catherine,
Relator term (Role) Editor
942 ## - Koha item type (Biblio)
Koha item type Books in Stacks (Lending)
Holdings
Lost status Damaged status Collection code Home library Current library Date acquired Full call number Accession Number Item type
    Lending WERC Library WERC Library 02/08/2024 307.72 GEN. 4017 Books in Stacks (Lending)

© WERC Library